Differential effects of structural complexity on predator foraging behavior /
সংরক্ষণ করুন:
| প্রধান লেখক: | |
|---|---|
| অন্যান্য লেখক: | |
| বিন্যাস: | প্রবন্ধ |
| ভাষা: | English |
| বিষয়গুলি: | |
| ট্যাগগুলো: |
ট্যাগ যুক্ত করুন
কোনো ট্যাগ নেই, প্রথমজন হিসাবে ট্যাগ করুন!
|
| Thư viện lưu trữ: | Thư viện Trường Đại học Đà Lạt |
|---|
| LEADER | 00898nam a2200301 4500 | ||
|---|---|---|---|
| 001 | DLU090078385 | ||
| 005 | ##20090619 | ||
| 040 | # | # | |a DLU |b eng |
| 041 | # | # | |a eng |
| 044 | # | # | |a UK |
| 100 | # | # | |a Michel, Matt J. |
| 245 | # | # | |a Differential effects of structural complexity on predator foraging behavior / |c Matt J. Michel, Melinda M. Adams. |
| 653 | # | # | |a Anax junius |
| 653 | # | # | |a Artificial vegetation |
| 653 | # | # | |a Behavioral plasticity |
| 653 | # | # | |a Dytiscid larvae |
| 653 | # | # | |a Tadpole |
| 700 | # | # | |a Adams, Melinda M. |
| 773 | # | # | |t Behavioral Ecology |g Vol. 20, no. 2 (March-April 2009), p. 313-317 |
| 920 | # | # | |a Phòng Tạp chí -- Trung tâm Thông tin - Thư viện Trường Đại học Đà Lạt |
| 994 | # | # | |a DLU |
| 900 | # | # | |a True |
| 911 | # | # | |a Trương Bảo Trâm Anh |
| 925 | # | # | |a G |
| 926 | # | # | |a A |
| 927 | # | # | |a BB |
| 980 | # | # | |a Thư viện Trường Đại học Đà Lạt |